000 00974nam a2200277 i 4500
003 DO-SdBNP
005 20250722105958.0
007 ta
008 250722b1997 dr ad|| |||| 000 0 spa d
040 _aDO-SdBNP
_bspa
_cBNPHU
_erda
041 _aspa
082 _axxxx
_bS161
_222
100 1 _aSalcedo, Manuel Ma.
_eautor
_4aut.
_95216
245 1 0 _aExcel para windows /
_cManuel Ma. Salcedo
264 1 _aSantiago de los Caballeros, República Dominicana :
_bCECOMSA,
_bEditora Corripio,
_c1997.
300 _a73 páginas ;
_c23 cm.
336 _atexto
_btxt
_2rdacontent
337 _asin mediación
_bn
_2rdamedia
338 _avolumen
_bnc
_2rdacarrier
500 _aIncluye datos biografícos del autor en la contraportada.
590 _aInventariado, 2025/ YL
650 7 _aIndios de las Indias Occidentales
_xHistoria
_zRepública Dominicana
_988410
710 _aCentro Especializado de Computación (CECOMSA)
_988417
910 _aYLockward
942 _2ddc
_cLBS1
999 _c59606
_d59606